| 000 | 00582nam a2200205 i 4500 | ||
|---|---|---|---|
| 001 | 170946 | ||
| 003 | ES-MaACL | ||
| 005 | 20230906214514.0 | ||
| 007 | t| | ||
| 008 | 090417s1958 xxk ||||1| eng d | ||
| 080 | _a800.1 | ||
| 100 | 1 |
_aAyer, A. J. _924144 |
|
| 245 | 1 | 0 |
_aLanguage, truth and logic / _cby Alfred Jules Ayer. |
| 250 | _a2nd rev. ed. | ||
| 260 |
_aLondon : _bVictor Gollancz, _c1958. |
||
| 300 |
_a160 p. ; _c19 cm. |
||
| 500 | _aÍndice. | ||
| 650 | 4 |
_aLenguaje- _xFilosofía. _914344 |
|
| 852 |
_aES-MaACL _jE-12580 _z. - Biblioteca Jacinto Martínez Lacalle |
||
| 999 |
_c170946 _d170946 |
||